00935nam a2200241 a 4500001001000000005001700010008004100027020001500068041000800083044000800091050002400099100002700123245006700150260007700217300003100294650009400325650006700419700002600486710005000512942001100562999001500573952010500588BRCA_329220190320204215.0270309s1990----caua---###---#000-0#eng-# a0936494042 aeng acau 4aN742.S16b.P69 19901 aPower, Dennis M.9872110aTreasurescby Dennis M. Power ; photographs by Dovida Treiman. aSanta Barbara, CaliforniabSanta Barbara Museum of Natural Historyc1990 a46 p.bil. a colorc30 cm.14aMuseos de historia naturalvCatálogoszSanta Barbara, California (Estados Unidos)9872214aHistoria naturalvCatálogoszSanta Barbara, California987231 aTreiman, Dovida987242 aSanta Barbara Museum of Natural History98725 2lcccB c3028d3028 00104070aBRCAbBRCAd2009-03-17l0oN742.S16 .P69 1990p02038r2019-03-22 00:00:00w2019-03-22yB